[Event "Illes Medes op 2nd"]
[Site "L'Estartit"]
[Date "2008.01.03"]
[Round "8"]
[White "Daurelle, Herve"]
[Black "Slings, Stefan"]
[Result "1-0"]
[WhiteElo "2263"]
[BlackElo "2076"]
[PlyCount "59"]
[EventDate "2007.12.28"]
[EventType "swiss"]
[EventRounds "9"]
[EventCountry "ESP"]
[SourceTitle "CBM 122 Extra"]
[Source "ChessBase"]
[SourceDate "2008.03.04"]
[SourceVersion "1"]
[SourceVersionDate "2008.03.04"]
[SourceQuality "1"]

1. e4 c5 2. Nf3 e6 3. d4 cxd4 4. Nxd4 a6 5. Bd3 Qb6 6. Nb3 Qc7 7. 0-0 Nf6 8. Qe2 d6 9. c4 Be7 10. Nc3 Nbd7 11. Be3 b6 12. f3 0-0 13. Rfd1 Rb8 14. Rdc1 Bb7 15. Qf2 Rfc8 16. Bf1 Ba8 17. Nd4 Ne5 18. b3 Nc6 19. Nd5 Qb7 20. Nxc6 Rxc6 21. Nb4 Rcc8 22. c5 b5 23. c6 Qc7 24. Nxa6 Qa5 25. Nxb8 Rxb8 26. c7 Rc8 27. Bb6 Qb4 28. Qe2 Qa3 29. Qxb5 Bb7 30. Ba5 1-0

[Event "Dieren op"]
[Site "Dieren"]
[Date "2004.08.04"]
[Round "8"]
[White "Slings, Stefan"]
[Black "Van den Berg, Harmen"]
[Result "1/2-1/2"]
[WhiteElo "2081"]
[BlackElo "2117"]
[PlyCount "92"]
[EventDate "2004.07.27"]
[EventType "swiss"]
[EventRounds "9"]
[EventCountry "NED"]
[SourceTitle "CBM 101 Extra"]
[Source "ChessBase"]
[SourceDate "2004.09.01"]
[SourceVersion "2"]
[SourceVersionDate "2004.09.01"]
[SourceQuality "1"]

1. e4 c5 2. Nf3 e6 3. d4 cxd4 4. Nxd4 Nf6 5. Nc3 d6 6. Bd3 Nbd7 7. f4 a6 8. Qf3 Qb6 9. Nb3 Be7 10. Be3 Qc7 11. 0-0 b6 12. g4 h6 13. Bf2 Bb7 14. Bg3 g5 15. f5 e5 16. a4 Kf8 17. Kg2 Kg7 18. Rfc1 Rh7 19. h3 Rah8 20. Nd2 h5 21. Nd5 Bxd5 22. exd5 hxg4 23. hxg4 Qc5 24. Nb3 Qxd5 25. Qxd5 Nxd5 26. f6+ N7xf6 27. Bxh7 Rxh7 28. c4 Ne3+ 29. Kf3 Nfxg4 30. a5 bxa5 31. Nxa5 Rh3 32. Nc6 Bf8 33. Rxa6 e4+ 34. Kxe4 Rxg3 35. b4 d5+ 36. cxd5 f5+ 37. Kd4 Rg2 38. Nd8 Nc2+ 39. Rxc2 Rxc2 40. Ne6+ Kf7 41. Nxg5+ Ke7 42. Ra7+ Ke8 43. Ra8+ Ke7 44. d6+ Kxd6 45. Rxf8 Rd2+ 46. Kc3 Rd5 1/2-1/2

[Event "Dieren op"]
[Site "Dieren"]
[Date "2004.08.02"]
[Round "6"]
[White "Ammerlaan, Richard"]
[Black "Slings, Stefan"]
[Result "1-0"]
[WhiteElo "2116"]
[BlackElo "2081"]
[PlyCount "55"]
[EventDate "2004.07.27"]
[EventType "swiss"]
[EventRounds "9"]
[EventCountry "NED"]
[SourceTitle "CBM 101 Extra"]
[Source "ChessBase"]
[SourceDate "2004.09.01"]
[SourceVersion "2"]
[SourceVersionDate "2004.09.01"]
[SourceQuality "1"]

1. d4 d5 2. Nf3 Bf5 3. c4 e6 4. Nc3 c6 5. Qb3 Qb6 6. c5 Qxb3 7. axb3 Nd7 8. Bf4 Ngf6 9. h3 Be7 10. e3 Ne4 11. Be2 0-0 12. 0-0 Rfe8 13. Nxe4 Bxe4 14. b4 a6 15. Nd2 Bg6 16. Nb3 f6 17. Na5 e5 18. dxe5 fxe5 19. Bg3 Rab8 20. Bg4 Red8 21. Bxd7 Rxd7 22. Bxe5 Re8 23. Bd4 Bd8 24. Nb3 Rf7 25. f4 Bf6 26. f5 Bxd4 27. Nxd4 Bh5 28. g4 1-0

[Event "Dieren op"]
[Site "Dieren"]
[Date "2004.07.30"]
[Round "4"]
[White "Van Rosmalen, Joost"]
[Black "Slings, Stefan"]
[Result "1/2-1/2"]
[WhiteElo "2115"]
[BlackElo "2081"]
[PlyCount "137"]
[EventDate "2004.07.27"]
[EventType "swiss"]
[EventRounds "9"]
[EventCountry "NED"]
[SourceTitle "CBM 101 Extra"]
[Source "ChessBase"]
[SourceDate "2004.09.01"]
[SourceVersion "2"]
[SourceVersionDate "2004.09.01"]
[SourceQuality "1"]

1. e4 c5 2. Nf3 e6 3. d4 cxd4 4. Nxd4 a6 5. Nc3 b5 6. Bd3 Bb7 7. 0-0 Qb6 8. Nb3 d6 9. Be3 Qc7 10. f4 Nf6 11. Qf3 Be7 12. a3 Nbd7 13. Qg3 h5 14. Kh1 h4 15. Qh3 Nc5 16. Nxc5 dxc5 17. e5 Nd5 18. Nxd5 Bxd5 19. Rad1 g6 20. Be2 Rd8 21. Bf3 Qc6 22. Bxd5 Rxd5 23. Qf3 0-0 24. Rxd5 Qxd5 25. Qxd5 exd5 26. f5 gxf5 27. Rxf5 d4 28. Bg5 Bxg5 29. Rxg5+ Kh7 30. Kg1 Kh6 31. Rf5 Re8 32. Kf2 Kg6 33. Rf6+ Kg5 34. Rxa6 Rxe5 35. Rb6 c4 36. Rd6 Re4 37. Rd5+ Kg4 38. h3+ Kf4 39. Rxb5 d3 40. cxd3 cxd3 41. Rd5 Re2+ 42. Kf1 Ke3 43. Re5+ Kd2 44. Rd5 Re4 45. b4 Rf4+ 46. Kg1 Kc3 47. Rc5+ Rc4 48. Rd5 Kc2 49. Kf2 d2 50. Ke2 Re4+ 51. Kf3 Re1 52. Kg4 d1Q+ 53. Rxd1 Rxd1 54. Kxh4 Kb3 55. Kg5 Rd6 56. g4 Rg6+ 57. Kf4 Rh6 58. Kg3 Kxa3 59. g5 Rg6 60. Kf4 Kxb4 61. h4 f6 62. Kf5 fxg5 63. hxg5 Ra6 64. g6 Kc5 65. g7 Ra8 66. Ke6 Kc6 67. Kf7 Ra7+ 68. Kf8 Ra8+ 69. Kf7 1/2-1/2

[Event "Haarlem Nova College op 3rd"]
[Site "Haarlem"]
[Date "2004.07.04"]
[Round "5"]
[White "Slings, Stefan"]
[Black "Strating, Sybolt"]
[Result "1/2-1/2"]
[WhiteElo "2081"]
[BlackElo "2307"]
[PlyCount "65"]
[EventDate "2004.07.02"]
[EventType "swiss"]
[EventRounds "6"]
[EventCountry "NED"]
[SourceTitle "CBM 101 Extra"]
[Source "ChessBase"]
[SourceDate "2004.09.01"]
[SourceVersion "2"]
[SourceVersionDate "2004.09.01"]
[SourceQuality "1"]

1. c4 c6 2. Nc3 d5 3. e3 Nf6 4. Nf3 a6 5. b3 Bg4 6. d4 Nbd7 7. Be2 b5 8. c5 g6 9. h3 Bxf3 10. Bxf3 Bg7 11. Bb2 0-0 12. Qc2 e5 13. 0-0 Ne8 14. Rad1 Nc7 15. dxe5 Nxe5 16. Be2 Qe7 17. Nb1 f5 18. Rfe1 Ne6 19. Bf1 Qxc5 20. Qxc5 Nxc5 21. Ba3 Ne4 22. Bxf8 Rxf8 23. Rc1 f4 24. Rc2 fxe3 25. Rxe3 Nd6 26. Nd2 Nf5 27. Re1 g5 28. Rxe5 Bxe5 29. Rxc6 Nh4 30. Be2 b4 31. g3 Bc3 32. gxh4 Bxd2 33. Rd6 1/2-1/2

[Event "Haarlem Nova College op 3rd"]
[Site "Haarlem"]
[Date "2004.07.03"]
[Round "3"]
[White "Slings, Stefan"]
[Black "De Haas, Piet"]
[Result "1-0"]
[WhiteElo "2081"]
[BlackElo "2171"]
[PlyCount "105"]
[EventDate "2004.07.02"]
[EventType "swiss"]
[EventRounds "6"]
[EventCountry "NED"]
[SourceTitle "CBM 101 Extra"]
[Source "ChessBase"]
[SourceDate "2004.09.01"]
[SourceVersion "2"]
[SourceVersionDate "2004.09.01"]
[SourceQuality "1"]

1. e4 c6 2. Nc3 d5 3. Qf3 e6 4. Qg3 Ne7 5. d3 Ng6 6. f4 d4 7. Nb1 c5 8. a4 Nc6 9. Bd2 f5 10. Be2 Be7 11. Nf3 0-0 12. e5 b6 13. h4 Nh8 14. Na3 Nf7 15. Nc4 Ba6 16. Ng5 Qd7 17. Qf3 Nxg5 18. hxg5 g6 19. Qh3 Rf7 20. Bf3 Bxc4 21. dxc4 Rd8 22. g4 Rg7 23. gxf5 gxf5 24. Bh5 Nb4 25. Bxb4 cxb4 26. Qd3 Bc5 27. Bf3 Kf8 28. Ke2 Ke7 29. Rh6 Rf8 30. b3 Kd8 31. Rah1 Kc7 32. Bg2 Rff7 33. R1h3 Kd8 34. Qf3 a5 35. Kd3 Ke7 36. Rf6 Rg6 37. Rxf7+ Kxf7 38. Rxh7+ Rg7 39. Qh5+ Kf8 40. Rh8+ Rg8 41. Qh6+ Qg7 42. Rxg8+ Kxg8 43. Qxe6+ Qf7 44. Bd5 Qxe6 45. Bxe6+ Kg7 46. Bxf5 Kf7 47. Ke4 Ke7 48. Kd5 Kf7 49. Bd3 Ke7 50. f5 Kf7 51. g6+ Kg7 52. f6+ Kf8 53. e6 1-0